Children's literature : a guide to reference sources /

Wedi'i Gadw mewn:
Manylion Llyfryddiaeth
Awdur Corfforaethol: United States. Library of Congress. Children's Book Section
Awduron Eraill: Haviland, Virginia, 1911-
Fformat: Llyfr
Iaith:English
Cyhoeddwyd: Washington : Library of Congress; [for sale by the Superintendent of Documents, U.S. Govt. Print. Off.], 1966..
Pynciau:
LEADER 01208nam a22002771 4500
001 c000165240
003 CARM
005 20021022120341.0
008 821019s1966 waua b 001 0 engd
010 |a 66062734 / 
019 1 |a 24154957  |5 LACONCORD2021 
020 |a 084440022X 
035 |a (OCoLC)2224536  |5 LACONCORD2021 
040 |a VU  |b eng  |d CoFS  |d VU 
050 0 4 |a Z1037.A1  |b H35 
245 0 0 |a Children's literature :  |b a guide to reference sources /  |c prepared under the direction of Virginia Haviland. 
260 |a Washington :  |b Library of Congress; [for sale by the Superintendent of Documents, U.S. Govt. Print. Off.],  |c 1966.. 
300 |a x, 341 p. :  |b illus. ;  |c 24 cm. 
650 0 |a Children's literature  |x History and criticism  |x Bibliography. 
650 0 |a Reference books  |x Children's literature  |x Bibliography. 
700 1 |a Haviland, Virginia,  |d 1911- 
710 1 |a United States.  |b Library of Congress.  |b Children's Book Section. 
852 8 |b CARM  |h A2:AJ18B0  |i B05169  |p 0216631  |f BK 
082 0 4 |a 016.8098/928/2 
999 f f |i dff6a4d7-7ebb-5fdb-8deb-6b3ff96fdcf6  |s b0f94f91-2fc5-58cc-847a-2722a0991579 
952 f f |p Can circulate  |a CAVAL  |b CAVAL  |c CAVAL  |d CARM 1 Store  |e B05169  |f A2:AJ18B0  |h Other scheme  |i book  |m 0216631